000 00895cam a2200265 4500
001 1274
005 20241121120334.0
040 _aDLC
_cDLC
_dDLC
_beng
050 0 0 _aPZ7.C5792
_bRam
082 0 0 _a[Fic]
_219
100 1 _aCleary, Beverly
245 1 0 _aRamona the pest /
_cby Beverly Cleary
260 _aNew York :
_bW. Morrow ;
_c1968 .
300 _a192 pages :
_bIllustrations ;
_c20 cm.
505 _aU
520 _aRamona meets lots of interesting people in kindergarten class, like Davy whom she keeps trying to kiss and Susan whose springy curls seem to ask to be pulled.
521 _a850
_bLexile
521 _aU
_bRaz-Plus
650 1 _aKindergarten
_vFiction.
650 1 _aSchools
_vFiction.
655 7 _aJuvenile literature
_y1968.
_2rbgenr
700 1 _aDarling, Louis
_eIllustrator.
906 _a7
_bcbc
_corignew
_du
_encip
_f19
_gy-gencatlg
942 _2ddc
_cBK
_n0
999 _c1274
_d1274